01177aab a2200193 i 4500001001000000003001000010005001700020008004100037040001900078041000800097100004200105245005100147300006800198520055800266653002700824773010700851942000800958999001700966768714001CO-MdFUSB20240326162602.0240326t |||||||| |||| 00| 0 spa d bspacCO-MdFUSB aspa1 aCostas, Orlando E. (1941-1987)eautor10aMi itinerario teológicoc/ Orlando E. Costas aVolumen 7, número 1 (marzo, 1988), páginas: 6 - 16c; 27 cm aMi itinerario teológico es la historia de mi peregrinaje espiritual. Refleja una crisis continua de identidad y una lucha incansable por dar coherencia a la realidad de pertenecer a dos mundos prácticamente opuestos. Gracias al evangelio, que da un lugar privilegiado a los pobres, desposeídos y oprimidos, y a la experiencia común de marginación tanto de los pueblos latinoamericanos como de la minoría hispana en EE.UU. he podido descubrir una convergencia socio-histórica, teológica y misional entre los dos lados de las Américas. aItinerario teológico0 tIglesia y Misión049402959672gVolumen 7, número 1 (marzo, 1988), páginas: 6 - 16qpáginas: 6 cANA c51747d51747